000 00818nam a2200229 a 4500
001 57375
003 BD-RjUL
005 20211209080512.0
008 161208s1980 nyu b 000 0 eng d
020 _a0903804786
035 _a(BD-RjUL)57499
040 _aMUU
_cMUU
_dBD-RjUL
_beng
041 _aeng
082 _223
_a304.66091724
_bPOP 1980
245 0 0 _aPopulation policy :
_bresearch priorities in the developing world : report of the International Review Group of Social Science Research on Population and Development /
_cPrepared by Carmen A. Miro ... [et al.]
260 _aLondon :
_bFrances Pinter,
_c1980
300 _axi, 197 p. ;
_c22 cm
504 _aIncludes bibliographical references
651 0 _aDeveloping countries
_xPopulation policy
_9170405
700 _a Miro, A.
_9170406
942 _2ddc
_cBK
999 _c57375
_d57375